000 00695nam a2200277Ia 4500
005 20260324150957.0
008 008 260324s9999 xx 000 0 eng d
020 _a9780429054341
037 _aEBOOK
040 _aCRL
040 _beng
040 _cCRL
041 _2eng
041 _aeng
084 _qCRL
100 _aIvor H. N. Evans
_91228294
245 0 _aStudies in Religion, Folk-Lore, and Custom in British North Borneo and the Malay Peninsula
260 _bTaylor and Francis
260 _c1923
365 _a
365 _b180
856 _uhttp://www.taylorfrancis.com/books/9780429054341
942 _cEBOOK
999 _c1838649
_d1838649